UITU Library & LRC     

Concepts and applications of finite element analysis (Record no. 13591)

MARC details
000 -LEADER
fixed length control field 00505nam a2200181Ia 4500
008 - FIXED-LENGTH DATA ELEMENTS--GENERAL INFORMATION
fixed length control field 240925s9999 xx 000 0 und d
020 ## - INTERNATIONAL STANDARD BOOK NUMBER
International Standard Book Number 9788126513369
082 ## - DEWEY DECIMAL CLASSIFICATION NUMBER
Classification number 620.00151535 COO
100 ## - MAIN ENTRY--PERSONAL NAME
Personal name Cook ,Robert D.
245 #0 - TITLE STATEMENT
Title Concepts and applications of finite element analysis
250 ## - EDITION STATEMENT
Edition statement 4th
260 ## - PUBLICATION, DISTRIBUTION, ETC.
Place of publication, distribution, etc. New Delhi:
Name of publisher, distributor, etc. John Wiley & Sons
Date of publication, distribution, etc. ,2014.
300 ## - PHYSICAL DESCRIPTION
Extent Various pages
Other physical details 0
Type of unit Original
500 ## - GENERAL NOTE
General note Includes Index
600 ## - SUBJECT ADDED ENTRY--PERSONAL NAME
Personal name Engineering Technology
650 ## - SUBJECT ADDED ENTRY--TOPICAL TERM
Topical term or geographic name entry element Technology
942 ## - ADDED ENTRY ELEMENTS (KOHA)
Koha item type Books
Holdings
Withdrawn status Lost status Damaged status Not for loan Collection Home library Current library Date acquired Source of acquisition Cost, normal purchase price Total checkouts Full call number Barcode Date last seen Price effective from Koha item type
        Engineering Technology UITU Library UITU Library 02/28/2017 Paramount Book Pvt Ltd 1223.75   620.00151535 COO Q11092 09/25/2024 09/25/2024 Books

Powered by Koha